[Event "Caribean-chT 24th"]
[Site "San Salvador"]
[Date "2023.07.06"]
[Round "4.2"]
[White "Boggiano Pereira, Miguel A"]
[Black "Smith, Shreyas"]
[Result "0-1"]
[WhiteElo "2012"]
[BlackElo "2151"]
[PlyCount "80"]
[EventDate "2023.07.06"]
[EventType "tourn"]
[EventRounds "15"]
[EventCountry "ESA"]
[SourceTitle "CBM 215 Extra"]
[Source "ChessBase"]
[SourceDate "2023.09.30"]
[SourceVersion "1"]
[SourceVersionDate "2023.09.30"]
[SourceQuality "1"]
[WhiteTeam "Puerto Rico"]
[BlackTeam "Jamaica"]
[WhiteTeamCountry "PUR"]
[BlackTeamCountry "JAM"]

1. d4 d5 2. c4 e6 3. Nc3 h6 4. Nf3 Nf6 5. e3 a6 6. cxd5 exd5 7. Bd3 Bd6 8. 0-0 0-0 9. b3 Bg4 10. h3 Bxf3 11. Qxf3 c6 12. a4 Qe7 13. Nb1 Ne4 14. Ra2 f5 15. Qd1 Qh4 16. Ba3 Bxa3 17. Rxa3 Nd7 18. Nd2 Qe7 19. Ra1 Qb4 20. Nf3 f4 21. Bxe4 dxe4 22. Nd2 Nf6 23. Qc2 Kh8 24. Nxe4 Nxe4 25. Qxe4 Rae8 26. Qd3 f3 27. e4 Qe7 28. e5 fxg2 29. Kxg2 Qh4 30. Qg3 Qxd4 31. Rae1 Qd5+ 32. Kh2 Rf3 33. Qg6 Ref8 34. Kg1 Rxh3 35. Qg2 Qxb3 36. Rb1 Qe6 37. Rxb7 Rg8 38. Re1 Rh5 39. Re3 Rxe5 40. Re7 Qxe7 0-1

[Event "Caribean-chT 24th"]
[Site "San Salvador"]
[Date "2023.07.06"]
[Round "2.2"]
[White "Leon Archibaldo, Orlando Andres"]
[Black "Smith, Shreyas"]
[Result "1-0"]
[WhiteElo "2229"]
[BlackElo "2151"]
[PlyCount "153"]
[EventDate "2023.07.06"]
[EventType "tourn"]
[EventRounds "15"]
[EventCountry "ESA"]
[SourceTitle "CBM 215 Extra"]
[Source "ChessBase"]
[SourceDate "2023.09.30"]
[SourceVersion "1"]
[SourceVersionDate "2023.09.30"]
[SourceQuality "1"]
[WhiteTeam "Panama"]
[BlackTeam "Jamaica"]
[WhiteTeamCountry "PAN"]
[BlackTeamCountry "JAM"]

1. d4 Nf6 2. Nc3 d5 3. Bf4 e6 4. e3 Bb4 5. Nge2 0-0 6. a3 Bd6 7. Ng1 Bxf4 8. exf4 b6 9. Nf3 Ba6 10. Bxa6 Nxa6 11. 0-0 c5 12. Re1 Nc7 13. Ne2 Ne4 14. c3 b5 15. dxc5 Nxc5 16. Ned4 Ne4 17. Qe2 a6 18. Ne5 Qd6 19. g3 Rab8 20. f3 Nf6 21. Rad1 Nd7 22. Kg2 Nb6 23. f5 Rbe8 24. fxe6 fxe6 25. f4 Nc4 26. Nxc4 bxc4 27. Nf3 Rb8 28. Rd2 Qc5 29. Nd4 Rb6 30. Qe5 Rfb8 31. Ree2 a5 32. f5 exf5 33. Nxf5 Rf6 34. Ne7+ Kh8 35. Nxd5 Re8 36. Nxf6 Qc6+ 37. Kg1 Rxe5 38. Rd8+ Ne8 39. Rxe5 gxf6 40. Rdxe8+ Kg7 41. Re2 Qb6+ 42. R8e3 Kg6 43. Kg2 Qc6+ 44. Rf3 h6 45. Ref2 Qe4 46. Kg1 Qe1+ 47. Rf1 Qe5 48. Rxf6+ Kg7 49. R6f2 Qc5 50. Kg2 Qd5+ 51. Rf3 Kg6 52. R1f2 Kg7 53. h3 Kg6 54. Kh2 Qd1 55. Rf4 h5 56. Rxc4 Qe1 57. Rc6+ Kg7 58. Rcf6 h4 59. gxh4 Qe5+ 60. R6f4 Qd6 61. h5 Kh6 62. Kg2 Qd5+ 63. Kg3 Qg5+ 64. Rg4 Qe5+ 65. Kg2 Qd5+ 66. Kh2 Qe5+ 67. Rg3 Kxh5 68. Kg2 Qe4+ 69. Rgf3 Kh4 70. Kh2 Qe5+ 71. Rf4+ Kg5 72. h4+ Kh5 73. Kg3 Qe3+ 74. R4f3 Qe5+ 75. Kh3 Qe6+ 76. Rf5+ Kg6 77. h5+ 1-0

[Event "Caribean-chT 24th"]
[Site "San Salvador"]
[Date "2023.07.06"]
[Round "10.2"]
[White "Quesada Perez, Luis Ernesto"]
[Black "Smith, Shreyas"]
[Result "1-0"]
[WhiteElo "2554"]
[BlackElo "2151"]
[PlyCount "93"]
[EventDate "2023.07.06"]
[EventType "tourn"]
[EventRounds "15"]
[EventCountry "ESA"]
[SourceTitle "CBM 215 Extra"]
[Source "ChessBase"]
[SourceDate "2023.09.30"]
[SourceVersion "1"]
[SourceVersionDate "2023.09.30"]
[SourceQuality "1"]
[WhiteTeam "Cuba"]
[BlackTeam "Jamaica"]
[WhiteTeamCountry "CUB"]
[BlackTeamCountry "JAM"]

1. d4 d5 2. c4 e6 3. Nf3 Nf6 4. Nc3 h6 5. Bf4 Bd6 6. Bxd6 Qxd6 7. e3 0-0 8. Rc1 Qe7 9. Bd3 dxc4 10. Bxc4 c5 11. 0-0 Nc6 12. dxc5 Qxc5 13. Bd3 Qh5 14. Ne4 Nxe4 15. Bxe4 Rd8 16. Qb3 Na5 17. Qb4 Nc6 18. Bxc6 bxc6 19. Rc5 Qg6 20. Ne5 Qf6 21. Nxc6 Ba6 22. Nxd8 Bxf1 23. Nc6 Bd3 24. Qd4 Qxd4 25. Nxd4 Rb8 26. b3 Be4 27. f3 Bd5 28. Kf2 Rd8 29. e4 Bxe4 30. Ke3 Bd5 31. Rc7 a5 32. Ra7 Ra8 33. Rxa8+ Bxa8 34. Nb5 Bd5 35. Kd4 Kh7 36. Nc7 Bc6 37. Kc5 Bd7 38. Kb6 a4 39. b4 a3 40. b5 e5 41. Kc5 f5 42. b6 Bc8 43. Kd5 e4 44. fxe4 fxe4 45. Kxe4 Bb7+ 46. Ke5 Bxg2 47. Nd5 1-0

[Event "Caribean-chT Rapid 24th"]
[Site "San Salvador"]
[Date "2023.07.05"]
[Round "13.2"]
[White "Giron, Jorge Ernesto"]
[Black "Smith, Shreyas"]
[Result "1/2-1/2"]
[WhiteElo "2268"]
[BlackElo "2124"]
[PlyCount "95"]
[EventDate "2023.07.03"]
[EventType "tourn (rapid)"]
[EventRounds "15"]
[EventCountry "ESA"]
[SourceTitle "CBM 215 Extra"]
[Source "ChessBase"]
[SourceDate "2023.09.30"]
[SourceVersion "1"]
[SourceVersionDate "2023.09.30"]
[SourceQuality "1"]
[WhiteTeam "El Salvador"]
[BlackTeam "Jamaica"]
[WhiteTeamCountry "ESA"]
[BlackTeamCountry "JAM"]

1. e4 c5 2. Nf3 Nc6 3. d4 cxd4 4. Nxd4 e5 5. Nb5 d6 6. c4 Be6 7. N1c3 a6 8. Na3 g6 9. Nc2 Bg7 10. Be3 Nf6 11. Be2 0-0 12. 0-0 Rc8 13. Qd2 Na5 14. b3 b5 15. Rfd1 bxc4 16. b4 Nb7 17. f3 Nh5 18. g3 f5 19. exf5 gxf5 20. f4 exf4 21. gxf4 Qh4 22. Nd4 Bxd4 23. Qxd4 Rf7 24. Bf2 Qh3 25. Kh1 Rg7 26. Rg1 Rcc7 27. Rxg7+ Rxg7 28. Rg1 Rxg1+ 29. Kxg1 Nxf4 30. Qxf4 Qxc3 31. Bd4 Qe1+ 32. Bf1 Qe4 33. Qg5+ Kf7 34. Qg7+ Ke8 35. Qh8+ Kd7 36. Qxh7+ Kc8 37. Bb6 Qg4+ 38. Bg2 Qd1+ 39. Kf2 Qd2+ 40. Kg3 Qg5+ 41. Kf2 Qd2+ 42. Kg1 Qd1+ 43. Bf1 Qg4+ 44. Kf2 Qf4+ 45. Kg1 Qg4+ 46. Bg2 Qd1+ 47. Kf2 Qd2+ 48. Kg1 1/2-1/2

[Event "Caribean-chT Rapid 24th"]
[Site "San Salvador"]
[Date "2023.07.04"]
[Round "9.2"]
[White "Arvelo Leo, Gian Carlo"]
[Black "Smith, Shreyas"]
[Result "1/2-1/2"]
[WhiteElo "2075"]
[BlackElo "2124"]
[PlyCount "46"]
[EventDate "2023.07.03"]
[EventType "tourn (rapid)"]
[EventRounds "15"]
[EventCountry "ESA"]
[SourceTitle "CBM 215 Extra"]
[Source "ChessBase"]
[SourceDate "2023.09.30"]
[SourceVersion "1"]
[SourceVersionDate "2023.09.30"]
[SourceQuality "1"]
[WhiteTeam "Dominican Republic"]
[BlackTeam "Jamaica"]
[WhiteTeamCountry "DOM"]
[BlackTeamCountry "JAM"]

1. Nf3 d5 2. g3 Nf6 3. Bg2 e6 4. 0-0 Bd6 5. c4 0-0 6. b3 dxc4 7. bxc4 e5 8. Bb2 Nc6 9. c5 Bxc5 10. Nxe5 Nxe5 11. Bxe5 Bd4 12. Bxd4 Qxd4 13. Qc2 c6 14. Nc3 Bg4 15. e3 Qd7 16. d4 Bh3 17. Ne4 Nxe4 18. Qxe4 Bxg2 19. Kxg2 Rfe8 20. Qf3 Re6 21. Kg1 b6 22. Rfd1 Rd6 23. Rac1 Rc8 1/2-1/2

[Event "Caribean-chT Rapid 24th"]
[Site "San Salvador"]
[Date "2023.07.04"]
[Round "6.2"]
[White "Smith, Shreyas"]
[Black "Duran Vega, Sergio"]
[Result "0-1"]
[WhiteElo "2124"]
[BlackElo "2381"]
[PlyCount "92"]
[EventDate "2023.07.03"]
[EventType "tourn (rapid)"]
[EventRounds "15"]
[EventCountry "ESA"]
[SourceTitle "CBM 215 Extra"]
[Source "ChessBase"]
[SourceDate "2023.09.30"]
[SourceVersion "1"]
[SourceVersionDate "2023.09.30"]
[SourceQuality "1"]
[WhiteTeam "Jamaica"]
[BlackTeam "Costa Rica"]
[WhiteTeamCountry "JAM"]
[BlackTeamCountry "CRI"]

1. e4 c5 2. Nf3 Nc6 3. Bb5 e6 4. Bxc6 bxc6 5. b3 f6 6. e5 Nh6 7. d3 Nf7 8. Bb2 Be7 9. Nbd2 0-0 10. Qe2 Rb8 11. 0-0-0 Rb4 12. Nc4 Ba6 13. Bc3 Rb8 14. Kb1 Qc7 15. Nfd2 Bxc4 16. Nxc4 fxe5 17. Nxe5 Nxe5 18. Bxe5 d6 19. Bb2 e5 20. c3 Qd7 21. f3 Rbe8 22. d4 exd4 23. cxd4 cxd4 24. Bxd4 Bf6 25. Qb2 d5 26. Rhe1 Bxd4 27. Qxd4 Qd6 28. Qg4 a5 29. g3 Qf6 30. f4 a4 31. Qd7 Rxe1 32. Rxe1 axb3 33. axb3 Qc3 34. Qe6+ Kh8 35. Qe3 Qb4 36. Kc2 Qa3 37. Qc3 Qa2+ 38. Qb2 Qa7 39. Qc3 h6 40. Ra1 Qf2+ 41. Qd2 Qc5+ 42. Qc3 Qf2+ 43. Qd2 Qf3 44. Ra7 Re8 45. Qd3 Qf2+ 46. Kc3 Qxa7 0-1

[Event "Caribean-chT Rapid 24th"]
[Site "San Salvador"]
[Date "2023.07.04"]
[Round "8.2"]
[White "Smith, Shreyas"]
[Black "Ynojosa Aponte, Felix Jose"]
[Result "0-1"]
[WhiteElo "2124"]
[BlackElo "2406"]
[PlyCount "204"]
[EventDate "2023.07.03"]
[EventType "tourn (rapid)"]
[EventRounds "15"]
[EventCountry "ESA"]
[SourceTitle "CBM 215 Extra"]
[Source "ChessBase"]
[SourceDate "2023.09.30"]
[SourceVersion "1"]
[SourceVersionDate "2023.09.30"]
[SourceQuality "1"]
[WhiteTeam "Jamaica"]
[BlackTeam "Venezuela"]
[WhiteTeamCountry "JAM"]
[BlackTeamCountry "VEN"]

1. e4 c5 2. Nf3 Nc6 3. Bb5 e6 4. Bxc6 bxc6 5. b3 Ne7 6. Bb2 d5 7. d3 Ng6 8. h4 h5 9. e5 f6 10. c4 Kf7 11. g3 d4 12. Qe2 Qc7 13. Nbd2 a5 14. a4 Rb8 15. Kd1 Be7 16. Kc2 Bd7 17. Ba3 Rb6 18. Rab1 Be8 19. Ne4 Rb8 20. exf6 gxf6 21. Nxc5 Bxc5 22. Bxc5 e5 23. Nd2 Kg7 24. Ne4 Qd7 25. Qf3 Qf7 26. Nd6 Qe6 27. Nf5+ Kg8 28. Qe4 Bd7 29. Nxd4 Qf7 30. Nxc6 f5 31. Qd5 Rc8 32. Ne7+ Nxe7 33. Qxd7 Rxc5 34. b4 axb4 35. Rxb4 Nc6 36. Rb7 Qxd7 37. Rxd7 Rh7 38. Rxh7 Kxh7 39. Rb1 Ra5 40. Rb7+ Kg8 41. Kb3 e4 42. dxe4 fxe4 43. Rb6 Rc5 44. Kc3 Ne7 45. Kb4 Rf5 46. Re6 Kf7 47. Rxe4 Ke8 48. Rf4 Re5 49. Rf6 Kd7 50. Rf7 Ke6 51. Rh7 Nc6+ 52. Kc3 Ra5 53. Rh6+ Kd7 54. Rh7+ Kd6 55. Rh6+ Kd7 56. Kb3 Re5 57. Rg6 Nd4+ 58. Kc3 Ne6 59. Kb4 Re1 60. Rh6 Re2 61. f4 Re3 62. Rh7+ Kd6 63. c5+ Kc6 64. Rh6 Re4+ 65. Kc3 Kd7 66. c6+ Kc7 67. a5 Re3+ 68. Kc4 Nd8 69. Rxh5 Rxg3 70. Rg5 Rf3 71. Rf5 Nxc6 72. h5 Rh3 73. a6 Kb6 74. Rf6 Rxh5 75. a7 Ra5 76. f5 Kc7 77. Rf7+ Kd6 78. Rf6+ Kd7 79. Rf7+ Ke8 80. Rc7 Nxa7 81. f6 Ra1 82. Re7+ Kf8 83. Rb7 Nc6 84. Kd5 Nd8 85. Rb8 Rd1+ 86. Ke5 Rd7 87. Kf5 Kf7 88. Rb6 Rd5+ 89. Ke4 Ra5 90. Rd6 Ne6 91. Rd7+ Kxf6 92. Rd6 Ra4+ 93. Ke3 Ke5 94. Rd7 Re4+ 95. Kf2 Rh4 96. Re7 Rh3 97. Re8 Ra3 98. Re7 Kf5 99. Rf7+ Kg4 100. Re7 Ng5 101. Ke2 Kf4 102. Kd2 Ne4+ 0-1

[Event "Titled Tuesday intern op 23rd May Early"]
[Site "Chess.com INT"]
[Date "2023.05.23"]
[Round "3"]
[White "Smith, Shreyas"]
[Black "Saya, Ethan"]
[Result "1-0"]
[WhiteElo "2247"]
[BlackElo "2181"]
[PlyCount "39"]
[EventDate "2023.05.23"]
[EventType "swiss (blitz)"]
[EventRounds "11"]
[EventCountry "USA"]
[SourceTitle "CBM 214 Extra"]
[Source "ChessBase"]
[SourceDate "2023.07.31"]
[SourceVersion "1"]
[SourceVersionDate "2023.07.31"]
[SourceQuality "1"]

1. e4 d5 2. exd5 Qxd5 3. Nc3 Qa5 4. d4 Nf6 5. Nf3 c6 6. Bc4 Bf5 7. Bd2 e6 8. Nd5 Qd8 9. Nxf6+ Qxf6 10. Bg5 Qg6 11. 0-0 h6 12. Bh4 Bxc2 13. Qe2 Be4 14. Rfe1 Bxf3 15. Qxf3 Bb4 16. Bd3 f5 17. Bxf5 Qf7 18. Rxe6+ Kf8 19. Bg6 Qxf3 20. Re8# 1-0

[Event "Titled Tuesday intern op 16th May Early"]
[Site "Chess.com INT"]
[Date "2023.05.16"]
[Round "11"]
[White "Smith, Shreyas"]
[Black "Kiseljova, Marya"]
[Result "1-0"]
[WhiteElo "2247"]
[BlackElo "2031"]
[PlyCount "97"]
[EventDate "2023.05.16"]
[EventType "swiss (blitz)"]
[EventRounds "11"]
[EventCountry "USA"]
[SourceTitle "CBM 214 Extra"]
[Source "ChessBase"]
[SourceDate "2023.07.31"]
[SourceVersion "1"]
[SourceVersionDate "2023.07.31"]
[SourceQuality "1"]

1. e4 c5 2. Nf3 Nc6 3. Bb5 e5 4. 0-0 Bd6 5. Bxc6 dxc6 6. d3 Ne7 7. Nbd2 Bc7 8. a4 a5 9. Nc4 Ng6 10. Bd2 0-0 11. Qe1 b6 12. Be3 Be6 13. Nfd2 Nf4 14. g3 Ng6 15. f4 Bh3 16. Rf3 Bg4 17. Rf2 exf4 18. gxf4 Qh4 19. Rg2 Bh3 20. Qxh4 Nxh4 21. Rg3 Be6 22. f5 Bxc4 23. Nxc4 Bxg3 24. hxg3 Nf3+ 25. Kf2 b5 26. Nb6 Ra6 27. Bxc5 Ne5 28. Bxf8 Kxf8 29. d4 Rxb6 30. dxe5 bxa4 31. Rxa4 Rxb2 32. Rxa5 Rxc2+ 33. Kf3 c5 34. Ra7 Rc1 35. Ke3 Rc3+ 36. Kf4 h6 37. e6 fxe6 38. fxe6 Rb3 39. Rc7 Rb5 40. Kf5 c4+ 41. e5 Rb3 42. Rxc4 Rxg3 43. Rc8+ Ke7 44. Rc7+ Kf8 45. e7+ Ke8 46. Ke6 Rg6+ 47. Kd5 Rg1 48. Kd6 Rg6+ 49. e6 1-0

[Event "Titled Tuesday intern op 16th May Early"]
[Site "Chess.com INT"]
[Date "2023.05.16"]
[Round "4"]
[White "Smith, Shreyas"]
[Black "Perera Alfonso, Rene Humberto"]
[Result "1/2-1/2"]
[WhiteElo "2247"]
[BlackElo "2320"]
[PlyCount "155"]
[EventDate "2023.05.16"]
[EventType "swiss (blitz)"]
[EventRounds "11"]
[EventCountry "USA"]
[SourceTitle "CBM 214 Extra"]
[Source "ChessBase"]
[SourceDate "2023.07.31"]
[SourceVersion "1"]
[SourceVersionDate "2023.07.31"]
[SourceQuality "1"]

1. e4 c5 2. Nf3 d6 3. Bb5+ Nc6 4. 0-0 Bd7 5. Re1 Nf6 6. c3 a6 7. Bf1 Bg4 8. d4 cxd4 9. cxd4 d5 10. Nc3 dxe4 11. Nxe4 Bxf3 12. Qxf3 Qxd4 13. Bg5 Nxe4 14. Rxe4 Qc5 15. Be3 Qa5 16. Bc4 e6 17. Qg3 0-0-0 18. b4 Nxb4 19. Rc1 Nc6 20. Qf3 Ba3 21. Rb1 Bc5 22. Qxf7 Be7 23. Bxe6+ Kb8 24. Bf4+ Ka8 25. Qf5 Qxf5 26. Bxf5 Bf6 27. Bg4 Nd4 28. Bf3 Nxf3+ 29. gxf3 Rd3 30. Kg2 Rf8 31. Be5 Bxe5 32. Rxe5 Rdxf3 33. Re8+ Rxe8 34. Kxf3 Re6 35. Rd1 Rf6+ 36. Kg2 Rg6+ 37. Kf3 Ka7 38. Rd7 h6 39. h4 Rf6+ 40. Kg3 g5 41. hxg5 hxg5 42. f3 Rf5 43. Rg7 Ra5 44. Kg4 Rxa2 45. Rxg5 Ra1 46. f4 Kb6 47. f5 a5 48. f6 Rg1+ 49. Kh5 Rf1 50. Kg6 a4 51. Rf5 Rxf5 52. Kxf5 a3 53. f7 a2 54. f8Q a1Q 55. Qb4+ Ka6 56. Qc5 Qa5 57. Qe5 Qxe5+ 58. Kxe5 Ka5 59. Kd4 Ka4 60. Kc3 b5 61. Kc2 Kb4 62. Kb2 Kc4 63. Kc2 Kd4 64. Kb3 Kc5 65. Kc3 b4+ 66. Kb3 Kb5 67. Kb2 Kc4 68. Kc2 b3+ 69. Kb2 Kb4 70. Kb1 Kc3 71. Kc1 Kd4 72. Kb2 Kc4 73. Kb1 Kc3 74. Kc1 Kb4 75. Kb2 Ka4 76. Kb1 Kb5 77. Kb2 Kc5 78. Kxb3 1/2-1/2

[Event "Titled Tuesday intern op 09th May Early"]
[Site "Chess.com INT"]
[Date "2023.05.09"]
[Round "10"]
[White "Gatterer, Florian"]
[Black "Smith, Shreyas"]
[Result "0-1"]
[WhiteElo "2170"]
[BlackElo "2247"]
[PlyCount "88"]
[EventDate "2023.05.09"]
[EventType "swiss (blitz)"]
[EventRounds "11"]
[EventCountry "USA"]
[SourceTitle "CBM 214 Extra"]
[Source "ChessBase"]
[SourceDate "2023.07.31"]
[SourceVersion "1"]
[SourceVersionDate "2023.07.31"]
[SourceQuality "1"]

1. c4 e6 2. g3 d5 3. Bg2 Nf6 4. Nf3 a6 5. b3 dxc4 6. bxc4 Bd6 7. 0-0 e5 8. d3 0-0 9. Bb2 Nc6 10. h3 Re8 11. e4 Qe7 12. Nc3 h6 13. Kh2 Ba3 14. Bxa3 Qxa3 15. Nd5 Nxd5 16. cxd5 Nb8 17. Qc2 c6 18. dxc6 Nxc6 19. Rab1 Qe7 20. Qb2 b5 21. Rfc1 Bb7 22. a4 b4 23. a5 Rad8 24. Bf1 Qf6 25. Kg2 Bc8 26. Be2 Qe6 27. h4 Rd6 28. Rc5 Qe7 29. Rbc1 Bd7 30. Kg1 g5 31. hxg5 hxg5 32. Kg2 Rh6 33. Qa1 Kg7 34. R5c4 Reh8 35. Rg1 Bh3+ 36. Kh2 Bf1+ 37. Nh4 Bxe2 38. Rxc6 Rxc6 39. Qe1 Bg4 40. Qe3 gxh4 41. Kg2 h3+ 42. Kf1 h2 43. Rh1 Qf6 44. f4 Qh6 0-1

[Event "Titled Tuesday intern op 09th May Early"]
[Site "Chess.com INT"]
[Date "2023.05.09"]
[Round "2"]
[White "Jeet, Jain"]
[Black "Smith, Shreyas"]
[Result "0-1"]
[WhiteElo "2199"]
[BlackElo "2247"]
[PlyCount "146"]
[EventDate "2023.05.09"]
[EventType "swiss (blitz)"]
[EventRounds "11"]
[EventCountry "USA"]
[SourceTitle "CBM 214 Extra"]
[Source "ChessBase"]
[SourceDate "2023.07.31"]
[SourceVersion "1"]
[SourceVersionDate "2023.07.31"]
[SourceQuality "1"]

1. Nf3 d5 2. g3 Nf6 3. Bg2 e6 4. 0-0 Bd6 5. b3 e5 6. d3 0-0 7. Bb2 Re8 8. e3 c6 9. Nbd2 Nbd7 10. a3 a5 11. c4 Nf8 12. Qe2 Ng6 13. Rfd1 Bg4 14. h3 Bxf3 15. Nxf3 Qc7 16. Rac1 Qb6 17. Qc2 Qd8 18. Qc3 Qe7 19. c5 Bc7 20. b4 axb4 21. axb4 e4 22. dxe4 dxe4 23. Nd4 Be5 24. Qb3 Nd5 25. Nf5 Qg5 26. Bxe5 Rxe5 27. Nd6 h5 28. Nxe4 Qe7 29. Nc3 Nxe3 30. fxe3 Rxe3 31. Qc4 h4 32. g4 Ra3 33. Rf1 Ne5 34. Qd4 Rd3 35. Rxf7 Kxf7 36. Qf4+ Kg8 37. Ne4 Ra2 38. Rf1 Nc4 39. Ng5 Rxg2+ 40. Kxg2 Ne3+ 41. Kg1 Nxf1 42. Kxf1 Qf6 43. Qxf6 gxf6 44. Ne4 Rxh3 45. Nxf6+ Kf7 46. Ne4 Rb3 47. Nd6+ Ke6 48. Nxb7 Rxb4 49. Nd6 Rxg4 50. Kf2 Rd4 51. Nb7 Rd5 52. Kg2 Kf5 53. Kh3 Kg5 54. Kh2 Rd3 55. Na5 Kg4 56. Nxc6 Rd2+ 57. Kg1 Kg3 58. Kf1 h3 59. Ne7 h2 60. Nf5+ Kh3 61. Ke1 Rg2 62. Ng3 Rxg3 63. Kf2 Rg2+ 64. Kf3 h1Q 65. Kf4 Qf1+ 66. Ke5 Re2+ 67. Kd6 Qd1+ 68. Kc7 Re5 69. c6 Qd5 70. Kb6 Re6 71. Ka7 Rxc6 72. Kb8 Qb5+ 73. Ka7 Ra6# 0-1

[Event "Titled Tuesday intern op 09th May Early"]
[Site "Chess.com INT"]
[Date "2023.05.09"]
[Round "9"]
[White "Smith, Shreyas"]
[Black "Melikhov, Evgeny V"]
[Result "1-0"]
[WhiteElo "2247"]
[BlackElo "2269"]
[PlyCount "95"]
[EventDate "2023.05.09"]
[EventType "swiss (blitz)"]
[EventRounds "11"]
[EventCountry "USA"]
[SourceTitle "CBM 214 Extra"]
[Source "ChessBase"]
[SourceDate "2023.07.31"]
[SourceVersion "1"]
[SourceVersionDate "2023.07.31"]
[SourceQuality "1"]

1. e4 c5 2. Nf3 d6 3. Bb5+ Nd7 4. a4 a6 5. Be2 b6 6. Nc3 Bb7 7. d4 cxd4 8. Qxd4 e5 9. Qe3 Rc8 10. 0-0 Ngf6 11. Rd1 Be7 12. Nd2 0-0 13. h3 h6 14. Bd3 d5 15. exd5 Nxd5 16. Nxd5 Bxd5 17. c3 Bc5 18. Qe2 a5 19. Ba6 Qg5 20. Ne4 Bxe4 21. Bxg5 hxg5 22. Bxc8 Nf6 23. Ba6 Re8 24. Bb5 Re7 25. Rd8+ Kh7 26. Bd3 Bxd3 27. Qxd3+ e4 28. Qg3 e3 29. fxe3 Rxe3 30. Qxe3 Bxe3+ 31. Kh1 g4 32. Rf1 gxh3 33. gxh3 Kg6 34. Rxf6+ Kxf6 35. Rd6+ Ke5 36. Rd7 Ke6 37. Rd8 Ke7 38. Rb8 g5 39. Kg2 f5 40. Kf3 Bc1 41. Rxb6 Kd7 42. b3 Bd2 43. c4 Ke7 44. Rb5 Ke6 45. Rd5 Bc3 46. Ke3 g4 47. hxg4 fxg4 48. Kf4 1-0

[Event "Titled Tuesday intern op 02nd May Early"]
[Site "Chess.com INT"]
[Date "2023.05.02"]
[Round "4"]
[White "Jiganchine, Roman"]
[Black "Smith, Shreyas"]
[Result "1-0"]
[WhiteElo "2205"]
[BlackElo "2247"]
[PlyCount "101"]
[EventDate "2023.05.02"]
[EventType "swiss (blitz)"]
[EventRounds "11"]
[EventCountry "USA"]
[SourceTitle "EXT 2024"]
[Source "ChessBase"]
[SourceDate "2023.10.10"]
[SourceVersion "1"]
[SourceVersionDate "2023.10.10"]
[SourceQuality "1"]

1. e4 c5 2. Nf3 Nc6 3. Bb5 g6 4. 0-0 Bg7 5. Re1 e6 6. c3 Nge7 7. d4 cxd4 8. cxd4 d5 9. Nc3 0-0 10. Bg5 h6 11. exd5 hxg5 12. dxc6 bxc6 13. Ba4 Qa5 14. Qd2 Rd8 15. Qxg5 Qxg5 16. Nxg5 Rxd4 17. Rad1 Rb8 18. Nf3 Rxd1 19. Rxd1 Nd5 20. Bxc6 Nxc3 21. bxc3 Bxc3 22. Rd8+ Kg7 23. h4 Rb1+ 24. Kh2 Ba6 25. Be8 Rb7 26. Bc6 Rc7 27. Ba4 Bb7 28. Bb3 Bf6 29. Rd3 Be4 30. Re3 Bf5 31. Ng5 Rb7 32. Re2 Rb4 33. g3 a5 34. Rd2 a4 35. Bd1 Bc3 36. Rd7 Kg8 37. Rxf7 Rd4 38. Rc7 Ba5 39. Rc8+ Kg7 40. Bf3 e5 41. Ra8 Bb6 42. Rb8 Bc5 43. Rb7+ Rd7 44. Rxd7+ Bxd7 45. Bd5 Kf6 46. Ne4+ Ke7 47. Nxc5 Bb5 48. Be4 Kd6 49. Nd3 Bc4 50. a3 Bb3 51. f3 1-0

[Event "Titled Tuesday intern op 02nd May Late"]
[Site "Chess.com INT"]
[Date "2023.05.02"]
[Round "4"]
[White "Smith, Shreyas"]
[Black "Golubev, Mikhail"]
[Result "1-0"]
[WhiteElo "2247"]
[BlackElo "2461"]
[PlyCount "61"]
[EventDate "2023.05.02"]
[EventType "swiss (blitz)"]
[EventRounds "11"]
[EventCountry "USA"]
[SourceTitle "EXT 2024"]
[Source "ChessBase"]
[SourceDate "2023.10.10"]
[SourceVersion "1"]
[SourceVersionDate "2023.10.10"]
[SourceQuality "1"]

1. e4 c5 2. Nf3 d6 3. Bb5+ Bd7 4. c4 Nc6 5. 0-0 Nf6 6. Re1 e5 7. d3 Be7 8. Bg5 a6 9. Ba4 Nh5 10. Bxc6 bxc6 11. Bd2 Nf6 12. b4 cxb4 13. Bxb4 0-0 14. Nbd2 c5 15. Bc3 g6 16. h3 Nh5 17. Nf1 Ng7 18. Ne3 f5 19. Nd5 f4 20. Rb1 g5 21. Qd2 g4 22. hxg4 Bxg4 23. Nh2 Bd7 24. Ba5 Qe8 25. Nc7 Qg6 26. Nxa8 f3 27. g3 Nh5 28. Nf1 Nf4 29. Rb7 Nh3+ 30. Kh2 Qh5 31. g4 1-0

[Event "Titled Tuesday intern op 02nd May Early"]
[Site "Chess.com INT"]
[Date "2023.05.02"]
[Round "6"]
[White "Smith, Shreyas"]
[Black "Smietanska, Wiktoria"]
[Result "1-0"]
[WhiteElo "2247"]
[BlackElo "1936"]
[PlyCount "107"]
[EventDate "2023.05.02"]
[EventType "swiss (blitz)"]
[EventRounds "11"]
[EventCountry "USA"]
[SourceTitle "EXT 2024"]
[Source "ChessBase"]
[SourceDate "2023.10.10"]
[SourceVersion "1"]
[SourceVersionDate "2023.10.10"]
[SourceQuality "1"]

1. e4 c5 2. Nf3 d6 3. Bb5+ Nd7 4. a4 a6 5. Be2 Ngf6 6. Nc3 g6 7. 0-0 Bg7 8. a5 0-0 9. d3 e6 10. d4 cxd4 11. Nxd4 Nc5 12. Bf3 Qc7 13. Re1 Rd8 14. Bg5 h6 15. Bh4 g5 16. Bg3 Qe7 17. h4 gxh4 18. Bxh4 Kh7 19. b4 Ncd7 20. Bh5 Nf8 21. f4 e5 22. Nd5 Qe8 23. Bxf6 exd4 24. Bxd8 Qxd8 25. Bxf7 d3 26. cxd3 Bxa1 27. Qxa1 Nd7 28. Be6 Nf8 29. Nf6+ Kg6 30. f5+ Kg5 31. Nd5 Nxe6 32. fxe6 Bxe6 33. Qg7+ Kh4 34. Nf4 Qg5 35. Nxe6 Qxg7 36. Nxg7 Rg8 37. Nf5+ Kg5 38. Nxd6 Rd8 39. e5 Kg6 40. d4 Kg7 41. d5 Kf8 42. Rc1 Ke7 43. Rc7+ Kf8 44. Rxb7 h5 45. Rf7+ Kg8 46. Rf6 Kg7 47. Re6 Kf8 48. Kf2 Kg7 49. Kg3 Rd7 50. Kh4 Rc7 51. Kxh5 Kf8 52. Kg5 Rg7+ 53. Kf6 Rh7 54. Re8# 1-0

[Event "Central America-ch 24th"]
[Site "San Salvador"]
[Date "2023.01.21"]
[Round "10"]
[White "Boggiano Pereira, Miguel A"]
[Black "Smith, Shreyas"]
[Result "0-1"]
[WhiteElo "1919"]
[BlackElo "2132"]
[PlyCount "78"]
[EventDate "2023.01.21"]
[EventType "swiss"]
[EventRounds "11"]
[EventCountry "ESA"]
[SourceTitle "CBM 212 Extra"]
[Source "ChessBase"]
[SourceDate "2023.03.31"]
[SourceVersion "1"]
[SourceVersionDate "2023.03.31"]
[SourceQuality "1"]

1. d4 Nf6 2. c4 e6 3. Nc3 Bb4 4. f3 0-0 5. e4 d5 6. cxd5 exd5 7. e5 Nfd7 8. f4 c5 9. Nf3 Nc6 10. a3 Ba5 11. Be3 cxd4 12. Nxd4 Ndxe5 13. fxe5 Nxe5 14. b4 Ng4 15. Bg1 Re8+ 16. Be2 Bb6 17. Qd2 a5 18. b5 a4 19. 0-0-0 Ba5 20. Kb2 Bd7 21. Rc1 Rc8 22. Bxg4 Bxg4 23. h3 Bh5 24. g4 Bg6 25. Be3 Rc4 26. Rhd1 Qd7 27. Qf2 Rec8 28. Nce2 Bb6 29. Rxc4 dxc4 30. Nc3 Bd3 31. Nc2 Ba5 32. Nb4 Qd6 33. Bf4 Qf8 34. Nbd5 Rc5 35. Qg3 Qe8 36. Bd6 Rxd5 37. Nxd5 Qe2+ 38. Ka1 Qxd1+ 39. Ka2 Qb1# 0-1